000 00404nam a22001697a 4500
003 NUST - PNEC
005 20170116181132.0
008 151006b xxu||||| |||| 00| 0 eng d
020 _a-
040 _cLIBRARY
082 _a923.1 NIX
100 _914009
_aNixon's, Richard
245 _aIn the arena
_cRichard Nixon's
260 _c-
650 _914011
_aIn the arena
_xBiography
942 _2ddc
_cBK
999 _c70000
_d70000